| 000 | 03040nam0a2200373 4500 | ||
|---|---|---|---|
| 001 | RU\NLR\BIBL_A\016277857 | ||
| 005 | 20230616173923.0 | ||
| 010 |
_a978-5-93162-690-1 _9100 |
||
| 021 |
_aRU _bКН-П-22-093833 _9КН-П-22-8388 |
||
| 035 | _a(NLR Aleph) 016277857 | ||
| 035 | _a(RuMoRGB)011500562 | ||
| 090 |
_a12907093 _c12907093 |
||
| 100 | _a20230206d2022 u y0rusy50 ca | ||
| 101 | 0 | _arus | |
| 102 | _aRU | ||
| 105 | _ay j 000zy | ||
| 181 | 0 |
_ai4 _baxxe |
|
| 182 | 1 | _an | |
| 200 | 1 |
_aПроектирование как средство патриотического воспитания студентов _eучебно-методическое пособие _eдля студентов, преподавателей всех направлений, связанных с разработкой и реализацией проектов _fГ. Я. Гревцов, Е. А. Квитко, М. Е. Медведева |
|
| 203 |
_aТекст _bвизуальный _cнепосредственный |
||
| 210 |
_aЧелябинск _cБиблиотека А. Миллера _d2022 |
||
| 215 |
_a78 с. _d21 |
||
| 320 | _aБиблиогр.: с. 70-78 (93 назв.) и в конце тем | ||
| 330 | _aДанное пособие содержит материалы, обеспечивающие реализацию программы "Организационно-педагогические условия применения проектной технологии в патриотическом воспитании студентов ПОО". Учебное издание обеспечивает формирование необходимых унизерсальных компетенций, единых для всех направлений (специальностей) в области разработки и реализации проектов различного типа, командной работы и коммуникаций, системного мышления, самоорганизации и саморазвития. Предназначено для студентов, преподавателей всех направлений, связанных с разработкой и реализацией проектов | ||
| 606 | 1 |
_aУчреждения среднего профессионального образования _jУчебно-методические пособия _xУчащиеся _xПроектная деятельность _92522961 _3RU\NLR\AUTH\6601709219 |
|
| 675 |
_a378.035.6(075.8) _v4 |
||
| 686 | 1 | _aЧ471.266я7 | |
| 700 | 1 |
_aГревцова _bГ. Я. _gГульсина Якуповна |
|
| 701 | 1 |
_aКвитко _bЕ. А. _gЕлена Александровна |
|
| 701 | 1 |
_aМедведева _bМ. Е. _cсоциальный педагог _gМарина Евгеньевна _9254234 _3RU\NLR\AUTH\770254290 |
|
| 942 | _cBOOK | ||
| 980 | _aNB | ||